000 00404pab a2200145 454500
008 180718b1985 xxu||||| |||| 00| 0 eng d
100 _aThakur, D.S.
245 _aSurvey of literature on rural unemployment in India
_bA critique of unidimensional approach
260 _c1985
300 _a67-87
362 _aApr.-Jun.
650 _aUnemployment - India
773 _aManpower Journal
909 _a20007
999 _c20007
_d20007